<?xml version="1.0" encoding="UTF-8"?>
<record
    xmlns:xsi="http://www.w3.org/2001/XMLSchema-instance"
    xsi:schemaLocation="http://www.loc.gov/MARC21/slim http://www.loc.gov/standards/marcxml/schema/MARC21slim.xsd"
    xmlns="http://www.loc.gov/MARC21/slim">

  <leader>02742cam a22004098i 4500</leader>
  <controlfield tag="001">21588059</controlfield>
  <controlfield tag="003">OSt</controlfield>
  <controlfield tag="005">20230921133919.0</controlfield>
  <controlfield tag="008">200625s2020    nyu      b    001 0 eng  </controlfield>
  <datafield tag="010" ind1=" " ind2=" ">
    <subfield code="a">  2020028254</subfield>
  </datafield>
  <datafield tag="020" ind1=" " ind2=" ">
    <subfield code="a">9780367335465</subfield>
    <subfield code="q">(hardback)</subfield>
  </datafield>
  <datafield tag="020" ind1=" " ind2=" ">
    <subfield code="a">9780367337810</subfield>
    <subfield code="q">(paperback)</subfield>
  </datafield>
  <datafield tag="020" ind1=" " ind2=" ">
    <subfield code="z">9780429321856</subfield>
    <subfield code="q">(ebook)</subfield>
  </datafield>
  <datafield tag="040" ind1=" " ind2=" ">
    <subfield code="a">DLC</subfield>
    <subfield code="b">eng</subfield>
    <subfield code="e">rda</subfield>
    <subfield code="c">DLC</subfield>
  </datafield>
  <datafield tag="042" ind1=" " ind2=" ">
    <subfield code="a">pcc</subfield>
  </datafield>
  <datafield tag="043" ind1=" " ind2=" ">
    <subfield code="a">i------</subfield>
  </datafield>
  <datafield tag="050" ind1="0" ind2="0">
    <subfield code="a">DS338</subfield>
    <subfield code="b">.A697 2021</subfield>
  </datafield>
  <datafield tag="082" ind1="0" ind2="0">
    <subfield code="a">909.09824</subfield>
    <subfield code="b">RAY/A</subfield>
  </datafield>
  <datafield tag="245" ind1="0" ind2="4">
    <subfield code="a">The archaeology of knowledge traditions of the Indian Ocean World /</subfield>
    <subfield code="c">edited by Himanshu Prabha Ray.</subfield>
  </datafield>
  <datafield tag="263" ind1=" " ind2=" ">
    <subfield code="a">2011</subfield>
  </datafield>
  <datafield tag="264" ind1=" " ind2="1">
    <subfield code="a">Abingdon, Oxon ;</subfield>
    <subfield code="a">New York :</subfield>
    <subfield code="b">Routledge,</subfield>
    <subfield code="c">[2021]</subfield>
  </datafield>
  <datafield tag="300" ind1=" " ind2=" ">
    <subfield code="a">270 pages </subfield>
  </datafield>
  <datafield tag="336" ind1=" " ind2=" ">
    <subfield code="a">text</subfield>
    <subfield code="b">txt</subfield>
    <subfield code="2">rdacontent</subfield>
  </datafield>
  <datafield tag="337" ind1=" " ind2=" ">
    <subfield code="a">unmediated</subfield>
    <subfield code="b">n</subfield>
    <subfield code="2">rdamedia</subfield>
  </datafield>
  <datafield tag="338" ind1=" " ind2=" ">
    <subfield code="a">volume</subfield>
    <subfield code="b">nc</subfield>
    <subfield code="2">rdacarrier</subfield>
  </datafield>
  <datafield tag="504" ind1=" " ind2=" ">
    <subfield code="a">Includes bibliographical references and index.</subfield>
  </datafield>
  <datafield tag="520" ind1=" " ind2=" ">
    <subfield code="a">"This book examines knowledge traditions that held together the fluid and overlapping maritime worlds of the Indian Ocean in the pre-modern period, as evident in the material and archaeological record. It breaks new ground by shifting the focus from studying cross-pollination of ideas from textual sources to identifying this exchange of ideas in the archaeological and historical record. The themes covered in the book include conceptualization of the seas and maritime landscapes in Sanskrit, Arabic and Chinese narratives; materiality of knowledge production as indicated in the archaeological record of communities where writing on stone first appears; and anchoring the coasts, not only through an understanding of littoral shrines and ritual landscapes, but also by an analysis of religious imagery on coins, more so at the time of the introduction of new religions such as Islam in the Indian Ocean around the eighth century. This volume will be of great interest to researchers and scholars of archaeology, anthropology, museum and heritage studies, Indian Ocean studies, maritime studies, South and Southeast Asian studies, religious studies, and cultural studies"--</subfield>
    <subfield code="c">Provided by publisher.</subfield>
  </datafield>
  <datafield tag="650" ind1=" " ind2="0">
    <subfield code="a">Archaeology and history</subfield>
    <subfield code="z">Indian Ocean Region.</subfield>
  </datafield>
  <datafield tag="651" ind1=" " ind2="0">
    <subfield code="a">Indian Ocean Region</subfield>
    <subfield code="x">Antiquities.</subfield>
  </datafield>
  <datafield tag="651" ind1=" " ind2="0">
    <subfield code="a">Indian Ocean Region</subfield>
    <subfield code="x">Intellectual life.</subfield>
  </datafield>
  <datafield tag="651" ind1=" " ind2="0">
    <subfield code="a">Indian Ocean Region</subfield>
    <subfield code="x">Civilization.</subfield>
  </datafield>
  <datafield tag="700" ind1="1" ind2=" ">
    <subfield code="a">Ray, Himanshu Prabha</subfield>
    <subfield code="e">editor.</subfield>
    <subfield code="9">9554</subfield>
  </datafield>
  <datafield tag="776" ind1="0" ind2="8">
    <subfield code="i">Online version:</subfield>
    <subfield code="t">The archaeology of knowledge traditions of the Indian Ocean World</subfield>
    <subfield code="d">Abingdon, Oxon ; New York : Routledge, [2021]</subfield>
    <subfield code="z">9780429321856</subfield>
    <subfield code="w">(DLC) 2020028255</subfield>
  </datafield>
  <datafield tag="906" ind1=" " ind2=" ">
    <subfield code="a">7</subfield>
    <subfield code="b">cbc</subfield>
    <subfield code="c">orignew</subfield>
    <subfield code="d">1</subfield>
    <subfield code="e">ecip</subfield>
    <subfield code="f">20</subfield>
    <subfield code="g">y-gencatlg</subfield>
  </datafield>
  <datafield tag="942" ind1=" " ind2=" ">
    <subfield code="2">ddc</subfield>
    <subfield code="c">BK</subfield>
    <subfield code="h">909.09824</subfield>
    <subfield code="i">RAY/A</subfield>
    <subfield code="k">909.09824</subfield>
    <subfield code="m">RAY/A</subfield>
  </datafield>
  <datafield tag="952" ind1=" " ind2=" ">
    <subfield code="0">0</subfield>
    <subfield code="1">0</subfield>
    <subfield code="2">ddc</subfield>
    <subfield code="4">0</subfield>
    <subfield code="7">0</subfield>
    <subfield code="8">HISTORY</subfield>
    <subfield code="a">MES</subfield>
    <subfield code="b">MES</subfield>
    <subfield code="c">HIS</subfield>
    <subfield code="d">2023-09-21</subfield>
    <subfield code="l">1</subfield>
    <subfield code="m">2</subfield>
    <subfield code="o">909.09824 RAY/A</subfield>
    <subfield code="p">42532</subfield>
    <subfield code="r">2026-01-19 11:38:21</subfield>
    <subfield code="s">2025-12-16</subfield>
    <subfield code="v">1295.00</subfield>
    <subfield code="w">2023-09-21</subfield>
    <subfield code="y">BK</subfield>
    <subfield code="z">GL43R1</subfield>
  </datafield>
  <datafield tag="999" ind1=" " ind2=" ">
    <subfield code="c">42230</subfield>
    <subfield code="d">42230</subfield>
  </datafield>
</record>
